La colonialidad, la imperialidad y el debate sobre su superación . Coloniality, imperiality and the debate about overcoming them. A colonialidade, a imoerialidade e o debate sobre como superá-las /
Se realiza una contextualización acerca de las emancipaciones de habitantes originarios y descendientes de los esclavos africanos en el continente americano, con el fin de introducir y comentar cuatro artículos que discuten el tema de la opción de-colonial
Збережено в:
| Автор: | |
|---|---|
| Формат: | Текст |
| Предмети: | |
| Теги: |
Додати тег
Немає тегів, Будьте першим, хто поставить тег для цього запису!
|
MARC
| LEADER | 00000 a a2200000 04500 | ||
|---|---|---|---|
| 001 | 18399 | ||
| 003 | |||
| 040 | |||
| 100 | |a Cairo Carou, Heriberto | ||
| 245 | |a La colonialidad, la imperialidad y el debate sobre su superación . Coloniality, imperiality and the debate about overcoming them. A colonialidade, a imoerialidade e o debate sobre como superá-las / |c Heriberto Cairo Carou | ||
| 520 | |a Se realiza una contextualización acerca de las emancipaciones de habitantes originarios y descendientes de los esclavos africanos en el continente americano, con el fin de introducir y comentar cuatro artículos que discuten el tema de la opción de-colonial | ||
| 650 | |a DESCOLONIZACION | ||
| 650 | |a IDENTIDAD NACIONAL | ||
| 650 | |a POBLACION INDIGENA | ||
| 650 | |a NEGROS | ||
| 650 | |a IMPERIALISMO | ||
| 650 | |a PARTICIPACION POLITICA | ||
| 773 | |g número 8; páginas 237-242 | ||
| 999 | |c 19729 |d 19729 | ||
